Racionalizácia výroby a využívania krmovín v podniku Slovosivo - výskumný a šlachtiteľský ústav zemiakársky, výskumno-výrobná jednotka Veľká Lomnica záverečná práca postgraduálneho štúdia

Uložené v:
Podrobná bibliografia
Hlavný autor: Bojňanský, Augustín
Korporativný autor: Vysoká škola ekonomická v Bratislave
Ďalší autori: Ďirina, Štefan
Médium: Kniha
Jazyk:Slovak
Vydavateľské údaje: Bratislava 1987
Tagy: Pridať tag
Žiadne tagy, Buďte prvý, kto otaguje tento záznam!

MARC

LEADER 00000nam a2200000 4500
001 c037235
005 20221219095058.8
041 0 |a slo 
044 |a SK 
245 1 0 |a Racionalizácia výroby a využívania krmovín v podniku Slovosivo - výskumný a šlachtiteľský ústav zemiakársky, výskumno-výrobná jednotka Veľká Lomnica  |b záverečná práca postgraduálneho štúdia  |c Augustín Bojňanský ; Ved. práce Štefan Ďirina 
264 1 |a Bratislava  |c 1987 
300 |a 52 s. 
100 1 |a Bojňanský, Augustín 
700 1 |a Ďirina, Štefan 
710 2 |a Vysoká škola ekonomická v Bratislave